| 000 | 00866nam a2200229 i 4500 | ||
|---|---|---|---|
| 001 | 186417 | ||
| 003 | ES-MaACL | ||
| 005 | 20251201193401.0 | ||
| 008 | 161108s1973 sp |||| | spa d | ||
| 020 | _a84-7083-061-09 | ||
| 080 | _a821.134.2-1(082.2) | ||
| 080 | _a821.134.2(7/8)-1(082.2) | ||
| 245 | 0 | 4 |
_aLas mil mejores poesías de la lengua castellana _b: (ocho siglos de poesía española e hispanoamericana) / _cJuan B. Bergua. |
| 250 | _a23ª ed., 2ª tirada, mejorada y enriquecida con nvas. poesías. | ||
| 260 |
_aMadrid : _bIbéricas, _c1973. |
||
| 300 |
_a810 p. ; _c17 cm. |
||
| 650 | 7 |
_aPoesías españolas _2embne _916214 |
|
| 650 | 4 |
_aPoesías hispanoamericanas. _9148477 |
|
| 700 | 1 |
_aBergua, Juan B., _d1892-1991 _928018 |
|
| 852 |
_aES-MaACL _jL-30779 _z- Enc. guaflex _z. - Donat. Miguel A. Velasco |
||
| 999 |
_c186417 _d186417 |
||